<?xml version="1.0" encoding="UTF-8"?><?xml-stylesheet type="text/xsl" href="static/style.xsl"?><OAI-PMH xmlns="http://www.openarchives.org/OAI/2.0/" xmlns:xsi="http://www.w3.org/2001/XMLSchema-instance" xsi:schemaLocation="http://www.openarchives.org/OAI/2.0/ http://www.openarchives.org/OAI/2.0/OAI-PMH.xsd"><responseDate>2026-06-06T01:37:03Z</responseDate><request verb="GetRecord" identifier="oai:riuma.uma.es:10630/21809" metadataPrefix="marc">https://riuma.uma.es/rest/oai/request</request><GetRecord><record><header><identifier>oai:riuma.uma.es:10630/21809</identifier><datestamp>2026-02-03T10:22:54Z</datestamp><setSpec>com_10630_1685</setSpec><setSpec>col_10630_38055</setSpec></header><metadata><record xmlns="http://www.loc.gov/MARC21/slim" xmlns:dcterms="http://purl.org/dc/terms/" xmlns:doc="http://www.lyncode.com/xoai" xmlns:xsi="http://www.w3.org/2001/XMLSchema-instance" xsi:schemaLocation="http://www.loc.gov/MARC21/slim http://www.loc.gov/standards/marcxml/schema/MARC21slim.xsd">
   <leader>00925njm 22002777a 4500</leader>
   <datafield ind2=" " ind1=" " tag="042">
      <subfield code="a">dc</subfield>
   </datafield>
   <datafield ind2=" " ind1=" " tag="720">
      <subfield code="a">García Marín, María José</subfield>
      <subfield code="e">author</subfield>
   </datafield>
   <datafield ind2=" " ind1=" " tag="260">
      <subfield code="c">2020</subfield>
   </datafield>
   <datafield ind2=" " ind1=" " tag="520">
      <subfield code="a">Este documento es la memoria de un proyecto artístico personal que he desarrollado&#xd;
como Trabajo de fin de grado, llamado Diario de dependencia emocional, el cual narra&#xd;
una historia autobiográfica novelada que he guionizado y ejecutado en forma de cómic o&#xd;
novela gráfica. Aunque mi campo de trabajo haya sido la ilustración hasta ahora, considero&#xd;
que el cómic es el lenguaje más apropiado para este proyecto, en el cual puedo&#xd;
seguir empleando las técnicas gráficas y narrativas que ya domino. El resultado de todo&#xd;
este proceso de investigación y producción es una obra de 111 páginas de dibujo a color&#xd;
(99 páginas de cómic y 4 ilustraciones entre capítulos).&#xd;
En esta memoria mostraré el proceso de creación de este proyecto, desde el diseño&#xd;
de los personajes mediante el uso de alter egos, pasando por el guion y storyboarding,&#xd;
hasta llegar a la obra final. Mostraré además la gran variedad de referentes gráficos y&#xd;
conceptuales, consecuencia de las diferentes influencias estilísticas que predominan en&#xd;
el mundo del cómic hoy día, las técnicas narrativas y la personal metodología de trabajo;&#xd;
así como la evolución que ocurre a lo largo del proceso de producción.</subfield>
   </datafield>
   <datafield ind1="8" ind2=" " tag="024">
      <subfield code="a">https://hdl.handle.net/10630/21809</subfield>
   </datafield>
   <datafield tag="653" ind2=" " ind1=" ">
      <subfield code="a">Grado en Bellas Artes - Trabajos Fin de Grado</subfield>
   </datafield>
   <datafield tag="653" ind2=" " ind1=" ">
      <subfield code="a">Cómics</subfield>
   </datafield>
   <datafield tag="653" ind2=" " ind1=" ">
      <subfield code="a">Historietas gráficas</subfield>
   </datafield>
   <datafield ind2="0" ind1="0" tag="245">
      <subfield code="a">Diario de dependencia emocional</subfield>
   </datafield>
</record>
</metadata></record></GetRecord></OAI-PMH>